000 01402nam0a2200385 4500
001 RU\NLR\BIBL_A\010308502
005 20260405220859.0
010 _a978-5-699-70030-1
_91500
021 _aRU
_b2014-12730
_9825
035 _a(NILC)RuMoRGB-006754256
035 _a(NLR Aleph) 010308502
090 _a10628608
_c10628608
100 _a20140421d2014 |||y0rusy50 ca
101 0 _arus
102 _aRU
105 _aa|||z|||000ay
200 1 _aМаленький человек
_eроман
_fЕлизавета Александрова-Зорина
210 _aМосква
_cЭксмо
_d2014
215 _a348, [1] с.
_cил.
_d21
225 1 _aОткрытие
_iСовременная российская литература
333 _a16+
675 _a821.161.1-31
686 2 _aШ6(2=Р)8-440.4
700 1 _7ca
_8rus
_aАлександрова-Зорина
_bЕ. Б.
_f1984-
_gЕлизавета Борисовна
_982198
_3RU\NLR\AUTH\7799272
801 0 _aRU
_bRuMoRKP
_c20140227
_gRCR
801 2 _aRU
_bРГБ
_c20140324
_grcr
801 1 _aRU
_bRuMoRKP
_c20140227
_2rusmarc
942 _cBOOK
980 _aNBR
980 _aIA
980 _aNB
996 _aиноагент
_bp
_cАлександрова-Зорина Елизавета Борисовна